[Event "Hessen-ch Seniors op 05th"]
[Site "Bad Sooden-Allendorf"]
[Date "2009.05.02"]
[Round "8"]
[White "Wauer, Klaus"]
[Black "Gilles, Walter"]
[Result "1/2-1/2"]
[WhiteElo "1457"]
[BlackElo "1554"]
[PlyCount "59"]
[EventDate "2009.04.25"]
[EventType "swiss"]
[EventRounds "9"]
[EventCountry "GER"]
[SourceTitle "EXT 2022"]
[Source "ChessBase"]
[SourceDate "2021.10.06"]
[SourceVersion "1"]
[SourceVersionDate "2021.10.06"]
[SourceQuality "1"]

1. e4 c5 2. Nf3 d6 3. d4 cxd4 4. Nxd4 e6 5. Nc3 a6 6. Be3 Bd7 7. Qd2 Nc6 8. Be2 Nxd4 9. Bxd4 e5 10. Be3 Bc6 11. f3 Be7 12. 0-0 Nf6 13. Bc4 0-0 14. Rad1 Qc7 15. Qf2 Nd7 16. Bd5 Kh8 17. Kh1 f5 18. exf5 Rxf5 19. Be6 Rf6 20. Bd5 Rff8 21. Qg3 Nf6 22. Bb3 b5 23. a3 a5 24. Bg5 b4 25. Nd5 Nxd5 26. Bxd5 Bxd5 27. Bxe7 Qxe7 28. Rxd5 bxa3 29. bxa3 Rfc8 30. Qf2 1/2-1/2

[Event "Hessen-ch Seniors op 05th"]
[Site "Bad Sooden-Allendorf"]
[Date "2009.04.27"]
[Round "3"]
[White "Gilles, Walter"]
[Black "Weber, Gerhard3333"]
[Result "1/2-1/2"]
[WhiteElo "1554"]
[BlackElo "1684"]
[PlyCount "37"]
[EventDate "2009.04.25"]
[EventType "swiss"]
[EventRounds "9"]
[EventCountry "GER"]
[SourceTitle "EXT 2022"]
[Source "ChessBase"]
[SourceDate "2021.10.06"]
[SourceVersion "1"]
[SourceVersionDate "2021.10.06"]
[SourceQuality "1"]

1. e4 c5 2. Nf3 Nc6 3. d4 cxd4 4. Nxd4 Nf6 5. Nxc6 bxc6 6. Bd3 d6 7. 0-0 e5 8. Nc3 Be7 9. Bg5 h6 10. Bxf6 Bxf6 11. Kh1 0-0 12. Bc4 Be6 13. Qe2 Bxc4 14. Qxc4 Qb6 15. Qb3 Qc5 16. a3 Rab8 17. Qa2 Bd8 18. Rad1 Bc7 19. Rd3 1/2-1/2

[Event "Hessen-ch Seniors op 04th"]
[Site "Bad Sooden-Allendorf"]
[Date "2008.05.02"]
[Round "9"]
[White "Gilles, Walter"]
[Black "Janzen, Christian"]
[Result "1/2-1/2"]
[WhiteElo "1550"]
[BlackElo "1586"]
[PlyCount "48"]
[EventDate "2008.04.24"]
[EventType "swiss"]
[EventRounds "9"]
[EventCountry "GER"]
[SourceTitle "EXT 2022"]
[Source "ChessBase"]
[SourceDate "2021.10.06"]
[SourceVersion "1"]
[SourceVersionDate "2021.10.06"]
[SourceQuality "1"]

1. e4 e5 2. Nf3 Nc6 3. Bc4 Be7 4. c3 Nf6 5. d3 0-0 6. 0-0 d6 7. Bg5 Bd7 8. Bxf6 Bxf6 9. d4 Qe7 10. d5 Nd8 11. Bb3 Bg4 12. h3 Bxf3 13. Qxf3 Bg5 14. c4 g6 15. Bc2 f6 16. Nc3 Bh6 17. Kh1 Nf7 18. Qg4 Bg7 19. f4 exf4 20. Qxf4 Ne5 21. Bb3 g5 22. Qd2 Ng6 23. g3 Rae8 24. Rae1 Qd8 1/2-1/2

[Event "Bad Sooden-Allendorf Seniors op 16th"]
[Site "Bad Sooden-Allendorf"]
[Date "2004.04.27"]
[Round "6"]
[White "Bielefeld, Guenter"]
[Black "Gilles, Walter"]
[Result "1/2-1/2"]
[WhiteElo "1526"]
[BlackElo "1624"]
[PlyCount "23"]
[EventDate "2004.04.22"]
[EventType "swiss"]
[EventRounds "9"]
[EventCountry "GER"]
[SourceTitle "EXT 2006"]
[Source "ChessBase"]
[SourceDate "2005.11.24"]
[SourceVersion "1"]
[SourceVersionDate "2005.11.24"]
[SourceQuality "1"]

1. e4 c5 2. Nf3 d6 3. d4 cxd4 4. Nxd4 Bd7 5. Nc3 Nc6 6. Nf3 a6 7. a3 g6 8. Bd3 Bg7 9. Bd2 Bg4 10. h3 Bxf3 11. Qxf3 Nd4 12. Qd1 1/2-1/2

[Event "Bad Sooden-Allendorf Seniors op 16th"]
[Site "Bad Sooden-Allendorf"]
[Date "2004.04.25"]
[Round "4"]
[White "Vogel, Gerhard1111"]
[Black "Gilles, Walter"]
[Result "0-1"]
[WhiteElo "1390"]
[BlackElo "1624"]
[PlyCount "122"]
[EventDate "2004.04.22"]
[EventType "swiss"]
[EventRounds "9"]
[EventCountry "GER"]
[SourceTitle "EXT 2006"]
[Source "ChessBase"]
[SourceDate "2005.11.24"]
[SourceVersion "1"]
[SourceVersionDate "2005.11.24"]
[SourceQuality "1"]

1. b4 e6 2. Bb2 Nf6 3. a3 d5 4. e3 a6 5. Nf3 c5 6. bxc5 Bxc5 7. d4 Bd6 8. Nbd2 0-0 9. Bd3 Nc6 10. h3 Re8 11. 0-0 e5 12. dxe5 Nxe5 13. Nxe5 Bxe5 14. Bxe5 Rxe5 15. Nf3 Re8 16. Rb1 b5 17. Rb4 Be6 18. c3 Qc8 19. Qc2 h6 20. Nh2 Ra7 21. Qd2 Rd8 22. a4 bxa4 23. Rxa4 a5 24. Rfa1 Ne4 25. Bxe4 dxe4 26. Qe1 Bb3 27. Rxe4 a4 28. Rd4 Rc7 29. Nf3 Re8 30. Rc1 Re6 31. Qd2 Qa6 32. Rd8+ Kh7 33. Qd3+ Qxd3 34. Rxd3 Bc4 35. Rd4 a3 36. Nd2 Rec6 37. Nxc4 Rxc4 38. Rxc4 Rxc4 39. Rc2 Kg6 40. Kf1 Kf5 41. f3 Ke5 42. Ke2 Kd5 43. Kd3 Ra4 44. Ra2 Kc5 45. e4 f6 46. g4 g5 47. Kc2 Kc4 48. Kd2 Kb3 49. Ra1 a2 50. Kd3 Kb2 51. Rd1 a1Q 52. Rxa1 Rxa1 53. c4 Rd1+ 54. Ke3 Kc3 55. c5 Rd3+ 56. Ke2 Kd4 57. c6 Rc3 58. Kf2 Rxc6 59. Kg3 Ke3 60. h4 gxh4+ 61. Kxh4 Kxf3 0-1

[Event "Bad Sooden-Allendorf Seniors op 15th"]
[Site "Bad Sooden-Allendorf"]
[Date "2003.04.30"]
[Round "2"]
[White "Bielefeld, Guenter"]
[Black "Gilles, Walter"]
[Result "0-1"]
[WhiteElo "1542"]
[BlackElo "1671"]
[PlyCount "117"]
[EventDate "2003.05.??"]
[EventType "swiss"]
[EventRounds "9"]
[EventCountry "GER"]
[SourceTitle "EXT 2006"]
[Source "ChessBase"]
[SourceDate "2005.11.24"]
[SourceVersion "1"]
[SourceVersionDate "2005.11.24"]
[SourceQuality "1"]

1. e4 c5 2. Nf3 d6 3. d4 cxd4 4. Nxd4 Bd7 5. Bd3 g6 6. c3 Bg7 7. 0-0 Nf6 8. Nd2 0-0 9. N2f3 Nc6 10. h3 a6 11. a4 e5 12. Nc2 Be6 13. Ne3 d5 14. Ng5 dxe4 15. Nxe6 fxe6 16. Bc4 Qe7 17. Qe2 Rad8 18. b4 Nd5 19. Nxd5 exd5 20. Bb3 Kh8 21. Bb2 d4 22. Qxe4 dxc3 23. Bxc3 Rf4 24. Qe2 Nd4 25. Bxd4 Rfxd4 26. b5 a5 27. Rfd1 Qb4 28. Qc2 b6 29. Rxd4 exd4 30. Qc4 Qxc4 31. Bxc4 d3 32. Rd1 d2 33. Kf1 Bc3 34. f3 Re8 35. Be2 Rd8 36. Bc4 Rd4 37. Bb3 Rb4 38. Bc2 Rb2 39. Bd3 Ra2 40. Ke2 Rxa4 41. Bc2 Rd4 42. Ke3 Rd5 43. Bd3 Re5+ 44. Be4 Rxb5 45. Kd3 Bb4 46. g4 Rc5 47. f4 a4 48. Bf3 a3 49. Rb1 Ba5 50. Ra1 Rc3+ 51. Ke4 b5 52. f5 gxf5+ 53. gxf5 Bd8 54. Ra2 Bg5 55. h4 Bxh4 56. Rxd2 b4 57. Bd1 a2 58. Bb3 a1Q 59. Ra2 0-1